[Event "24e tournoi de Noël"]
[Site "Montigny le Bretonneux"]
[Date "2025.12.27"]
[Round "1.1"]
[White "Belladjou, Ismael"]
[Black "Strehse, Nelson"]
[Result "0-1"]
[WhiteElo "1658"]
[BlackElo "2198"]
[Annotator "Rivier,Sylvain"]
[PlyCount "56"]
[EventDate "2025.??.??"]
[WhiteTeam "Club d'Echecs de Guyancourt"]

{Défense est-indienne} 1. Nf3 Nf6 2. d4 g6 3. c4 Bg7 4. Nc3 O-O 5. e4 d6 6.
Bd3 Bg4 7. h3 Bxf3 8. Qxf3 Nc6 9. Be3 e5 10. Ne2 exd4 11. Nxd4 Ne5 12. Qe2
Nxd3+ 13. Qxd3 Re8 14. f3 c6 15. O-O-O d5 16. exd5 cxd5 17. c5 Qa5 18. Nb5 Rxe3
19. Qxe3 Qxb5 20. Rd3 Ng4 21. Qd2 Nf2 22. Rxd5 Nxh1 23. b4 Bh6 24. f4 Qc4+ 25.
Kb2 Bxf4 26. Rd4 Be5 27. a4 Bxd4+ 28. Kb1 Re8 0-1

[Event "24e tournoi de Noël"]
[Site "Montigny le Bretonneux"]
[Date "2025.12.27"]
[Round "1.2"]
[White "Klemenz, Luca"]
[Black "Chakour, Samir"]
[Result "1-0"]
[WhiteElo "2085"]
[BlackElo "1652"]
[Annotator "Rivier,Sylvain"]
[PlyCount "49"]
[EventDate "2025.??.??"]
[BlackTeam "Saint-Quentin en Yvelines"]

{Défense est-indienne, variante classique} 1. Nf3 Nf6 2. c4 g6 3. Nc3 Bg7 4.
e4 d6 5. d4 Nfd7 6. Be2 O-O 7. h4 h6 8. Be3 e5 9. h5 Qf6 10. Nd5 Qd8 11. hxg6
c6 12. gxf7+ Rxf7 13. Nc3 Qf6 14. d5 c5 15. Qd2 Nf8 16. Bxh6 Bxh6 17. Rxh6 Qg7
18. O-O-O Ng6 19. Rdh1 Nd7 20. Nb5 Ndf8 21. Nxd6 Rd7 22. Nf5 Qf7 23. Nxe5 Qf6
24. Ng4 Qd4 25. Nxd4 1-0

[Event "24e tournoi de Noël"]
[Site "Montigny le Bretonneux"]
[Date "2025.12.27"]
[Round "1.3"]
[White "Meddour, Ithri"]
[Black "Langner, Jasper"]
[Result "0-1"]
[WhiteElo "1645"]
[BlackElo "2052"]
[Annotator "Rivier,Sylvain"]
[PlyCount "56"]
[EventDate "2025.??.??"]
[WhiteTeam "Saint-Quentin en Yvelines"]

{Défense sicilienne, système fermé} 1. e4 Nc6 2. Nc3 Nd4 3. Nge2 c5 4. d3 e6
5. Nxd4 cxd4 6. Ne2 Qb6 7. c3 dxc3 8. bxc3 g6 9. Be3 Qc7 10. g3 Bg7 11. Rc1 Ne7
12. Bg2 O-O 13. O-O d6 14. Qb3 Bd7 15. e5 d5 16. d4 Rfc8 17. c4 dxc4 18. Qxb7
Rab8 19. Qxc7 Rxc7 20. Rb1 Rbc8 21. Nc3 Bf8 22. Nb5 Bxb5 23. Rxb5 c3 24. Rc5
Nd5 25. Rxc7 Rxc7 26. Bxd5 exd5 27. Rc1 c2 28. Kf1 Rc3 {suite illisible} 0-1

[Event "24e tournoi de Noël"]
[Site "Montigny le Bretonneux"]
[Date "2025.12.27"]
[Round "1.4"]
[White "Imbert, Christophe"]
[Black "Couradin, Jean-Marie"]
[Result "1-0"]
[WhiteElo "1924"]
[BlackElo "1628"]
[Annotator "Rivier,Sylvain"]
[PlyCount "139"]
[EventDate "2025.??.??"]
[WhiteTeam "Club d'Echecs du Vesinet"]
[BlackTeam "La Dame Noire"]

{Défense Philidor} 1. e4 d6 2. d4 Nf6 3. Nc3 e5 4. Nf3 Be7 5. h3 Nbd7 6. a4 c6
7. Bd3 Qc7 8. Be3 O-O 9. O-O Re8 10. dxe5 dxe5 11. Qe2 Nc5 12. Bc4 Ne6 13. Rfd1
Bf8 14. Ng5 h6 15. Nxe6 Bxe6 16. Bxe6 Rxe6 17. Qc4 Rc8 18. a5 Qb8 19. Rd3 Rd6
20. Rxd6 Bxd6 21. Rd1 Bc7 22. a6 Bb6 23. axb7 Qxb7 24. Bxb6 axb6 25. Qd3 Re8
26. Qd6 Re6 27. Qd3 b5 28. b4 Qa7 29. Ne2 g6 30. Ng3 Kg7 31. Kf1 Ne8 32. Qc3
Qc7 33. Qc5 Nd6 34. Ra1 Nb7 35. Qe3 Qd6 36. c3 c5 37. Qe1 Qd3+ 38. Kg1 Rd6 39.
Kh2 Qd2 40. Qxd2 Rxd2 41. Ra7 Rd7 42. Nf1 Kf6 43. Ne3 Ke6 44. Nd5 cxb4 45. cxb4
Nd6 46. Ra6 Rb7 47. f3 Kd7 48. h4 h5 49. Ra8 Ne8 50. g4 hxg4 51. fxg4 Nc7 52.
Nxc7 Rxc7 53. h5 gxh5 54. gxh5 Ke6 55. Ra5 Ke7 56. h6 Rc8 57. Kg3 Kf8 58. Kg4
Rc1 59. Kf5 Rc4 60. Kf6 Kg8 61. Kxe5 Rxb4 62. Ra8+ Kh7 63. Rf8 Kxh6 64. Rxf7
Kg6 65. Rf1 Rb3 66. Kd5 Re3 67. Rb1 Kg5 68. Rxb5 Kf4 69. Rb4 Kg5 70. Ke6 1-0

[Event "24e tournoi de Noël"]
[Site "Montigny le Bretonneux"]
[Date "2025.12.27"]
[Round "1.5"]
[White "Julien, Emilie"]
[Black "Bielle, Lucas"]
[Result "0-1"]
[WhiteElo "1625"]
[BlackElo "1904"]
[Annotator "Rivier,Sylvain"]
[PlyCount "82"]
[EventDate "2025.??.??"]
[WhiteTeam "La Dame Noire"]
[BlackTeam "CE Le Roi Soleil - Le Chesnay - Versailles"]

{Défense sicilienne} 1. e4 c5 2. Nc3 Nc6 3. Nf3 e6 4. d3 g6 5. Be2 Bg7 6. O-O
Nge7 7. Bg5 h6 8. Be3 Nd4 9. Rb1 O-O 10. Qd2 Kh7 11. Bf4 d6 12. Nxd4 cxd4 13.
Nb5 e5 14. Bg3 a6 15. Na3 Be6 16. b3 Rc8 17. f4 Qc7 18. fxe5 dxe5 19. Nc4 b5
20. Na3 Qc5 21. Qc1 Nc6 22. Be1 Nb4 23. Bxb4 Qxb4 24. Ra1 Qc3 25. Qe1 h5 26.
Qxc3 Rxc3 27. Bd1 Bh6 28. Nb1 Be3+ 29. Kh1 Rc7 30. a3 Rfc8 31. Ra2 Bg4 32. Bxg4
hxg4 33. g3 Kg7 34. a4 b4 35. c4 bxc3 36. Rc2 Rb8 37. Na3 Rxb3 38. Nc4 Rxc4 39.
dxc4 d3 40. Ra2 c2 41. Raa1 d2 0-1

[Event "24e tournoi de Noël"]
[Site "Montigny le Bretonneux"]
[Date "2025.12.27"]
[Round "1.6"]
[White "Kunne, Ronald"]
[Black "Foveau, Guillaume"]
[Result "1-0"]
[WhiteElo "1853"]
[BlackElo "1598"]
[Annotator "Rivier,Sylvain"]
[PlyCount "107"]
[EventDate "2025.??.??"]
[WhiteTeam "Club d'Echecs d'Orsay"]
[BlackTeam "La Dame Noire"]

{Défense française, variante Rubinstein} 1. e4 e6 2. d4 d5 3. Nc3 dxe4 4.
Nxe4 Nd7 5. Nf3 Ngf6 6. Nxf6+ Nxf6 7. g3 Be7 8. Bg2 O-O 9. O-O c5 10. c3 Qc7
11. Bf4 Bd6 12. Bxd6 Qxd6 13. Qe2 cxd4 14. Rfd1 a6 15. Rxd4 Qe7 16. Rad1 b5 17.
Ne5 Nd5 18. Ng4 Qc7 19. Bxd5 exd5 20. Rxd5 Bxg4 21. Qxg4 Rad8 22. Qd4 Rxd5 23.
Qxd5 Qc4 24. Qxc4 bxc4 25. Rd6 g6 26. Kf1 Rb8 27. Rd2 Kf8 28. Ke2 Ke7 29. Kd1
Rd8 30. Rxd8 Kxd8 31. Ke2 Kd7 32. Ke3 Kc6 33. Kd4 Kb5 34. a4+ Kxa4 35. Kxc4 Ka5
36. b3 Kb6 37. h4 Kc6 38. Kb4 h5 39. Ka5 Kb7 40. c4 f6 41. f4 f5 42. c5 Kc6 43.
b4 Kb7 44. b5 axb5 45. Kxb5 Kc7 46. c6 Kc8 47. Kc5 Kc7 48. Kd5 Kd8 49. Ke6 Kc7
50. Kf6 Kxc6 51. Kxg6 Kd6 52. Kxf5 Ke7 53. Kg6 Ke6 54. f5+ 1-0

[Event "24e tournoi de Noël"]
[Site "Montigny le Bretonneux"]
[Date "2025.12.27"]
[Round "1.7"]
[White "Barthere, Gilles"]
[Black "Fasquelle, Cedric"]
[Result "0-1"]
[WhiteElo "1566"]
[BlackElo "1812"]
[Annotator "Rivier,Sylvain"]
[PlyCount "78"]
[EventDate "2025.??.??"]
[WhiteTeam "CE Le Roi Soleil - Le Chesnay - Versailles"]
[BlackTeam "Saint-Quentin en Yvelines"]

{Défense sicilienne} 1. e4 c5 2. Nf3 e6 3. d4 cxd4 4. Nxd4 Nf6 5. Nc3 Bb4 6.
f3 Qb6 7. Qd3 Bc5 8. Be3 Nc6 9. O-O-O Nb4 10. Qd2 Qa5 11. a3 Nc6 12. Nxc6 bxc6
13. Bxc5 Qxc5 14. Qd6 Qxd6 15. Rxd6 Ke7 16. e5 Nd5 17. Nxd5+ exd5 18. f4 Rf8
19. c4 dxc4 20. Bxc4 f6 21. Rhd1 fxe5 22. fxe5 a5 23. g4 a4 24. h4 Ra5 25. Kb1
Rxe5 26. R6d4 Ra5 27. Bd3 h6 28. Bc2 d5 29. Bxa4 Kd6 30. Bc2 Ke5 31. R4d2 Bxg4
32. Re1+ Kd6 33. Ka2 Rf4 34. Bg6 Bf5 35. h5 Bxg6 36. hxg6 Rg4 37. Rde2 Rxg6 38.
b4 Ra7 39. Re3 Rf6 0-1

[Event "24e tournoi de Noël"]
[Site "Montigny le Bretonneux"]
[Date "2025.12.27"]
[Round "1.8"]
[White "Artieres, Michel"]
[Black "Archet, Jean-Claude"]
[Result "1-0"]
[WhiteElo "1808"]
[BlackElo "1518"]
[Annotator "Rivier,Sylvain"]
[PlyCount "47"]
[EventDate "2025.??.??"]
[WhiteTeam "La Dame Noire"]
[BlackTeam "Club 608 d'Echecs Paris"]

{Défense Caro-Kann} 1. e4 c6 2. Nf3 d5 3. d3 Bg4 4. exd5 cxd5 5. Be2 Nf6 6. c3
e6 7. Bg5 Be7 8. Bxf6 Bxf6 9. Qa4+ Nc6 10. Qxg4 O-O 11. O-O Qb6 12. b3 Rac8 13.
d4 Be7 14. Nbd2 Ba3 15. Rab1 Bd6 16. Ng5 Qc7 17. Bd3 h6 18. Qh3 Bf4 19. Ngf3 e5
20. dxe5 Nxe5 21. Nxe5 Qxe5 22. c4 dxc4 23. Nxc4 Qf6 24. Qf5 1-0

[Event "24e tournoi de Noël"]
[Site "Montigny le Bretonneux"]
[Date "2025.12.27"]
[Round "1.9"]
[White "Couradin, Bruno"]
[Black "Appavou, Calixte"]
[Result "0-1"]
[WhiteElo "1517"]
[BlackElo "1804"]
[Annotator "Rivier,Sylvain"]
[PlyCount "34"]
[EventDate "2025.??.??"]
[WhiteTeam "La Dame Noire"]
[BlackTeam "Saint-Quentin en Yvelines"]

{Défense scandinave} 1. e4 d5 2. exd5 Nf6 3. c4 c6 4. dxc6 Nxc6 5. Nf3 e5 6.
d3 e4 7. Ng1 Bb4+ 8. Nc3 O-O 9. a3 Bxc3+ 10. bxc3 exd3 11. Bxd3 Re8+ 12. Ne2
Ne5 13. Bc2 Bg4 14. Qxd8 Raxd8 15. f3 Nxf3+ 16. gxf3 Bxf3 17. Rg1 Rxe2+ 0-1

[Event "24e tournoi de Noël"]
[Site "Montigny le Bretonneux"]
[Date "2025.12.27"]
[Round "1.10"]
[White "Gauthier, Laurent"]
[Black "El Hamoui, Noah"]
[Result "0-1"]
[WhiteElo "1804"]
[BlackElo "1517"]
[Annotator "Rivier,Sylvain"]
[PlyCount "62"]
[EventDate "2025.??.??"]
[WhiteTeam "Les Tours d'Angoulême"]
[BlackTeam "Saint-Quentin en Yvelines"]

{Défense française, variante classique} 1. d4 Nf6 2. Nc3 d5 3. Bg5 e6 4. e4
Be7 5. Bxf6 Bxf6 6. Nf3 O-O 7. Bd3 g6 8. e5 Bg7 9. Qd2 b6 10. h4 Ba6 11. h5
Bxd3 12. cxd3 c5 13. dxc5 bxc5 14. hxg6 f6 15. Rxh7 Nc6 16. O-O-O Nxe5 17. Nxe5
fxe5 18. Rdh1 Qf6 19. g3 Qxg6 20. Nb5 a6 21. Nd6 Rab8 22. R1h5 Qf6 23. Rxg7+
Kxg7 24. Qe2 Rg8 25. Rxe5 Rh8 26. f4 Rb6 27. Nf5+ exf5 28. Re7+ Kf8 29. Re8+
Kf7 30. Rxh8 Qxh8 31. Qg2 Qd4 0-1

[Event "24e tournoi de Noël"]
[Site "Montigny le Bretonneux"]
[Date "2025.12.27"]
[Round "1.11"]
[White "Pages, Clement"]
[Black "Arutyunov, Mikael"]
[Result "0-1"]
[WhiteElo "1433"]
[BlackElo "1791"]
[Annotator "Rivier,Sylvain"]
[PlyCount "104"]
[EventDate "2025.??.??"]
[WhiteTeam "L'Hay les Roses Echecs et Mat"]
[BlackTeam "Tours et Detours Club d'Echecs Centre Brie"]

{Partie du pion dame} 1. d4 Nf6 2. Nc3 d5 3. e4 dxe4 4. Bg5 Bf5 5. f3 exf3 6.
Qxf3 Bd7 7. Bc4 Nc6 8. Nge2 e6 9. O-O Be7 10. Ne4 O-O 11. Nxf6+ Bxf6 12. Bxf6
Qxf6 13. Qxf6 gxf6 14. Rxf6 Ne7 15. Rf3 Bc6 16. Rg3+ Kh8 17. Rf1 Nf5 18. Rh3
Rg8 19. Rf2 Rg7 20. c3 Rag8 21. Nf4 Rg4 22. Bd3 Rxf4 23. Rxf4 Bxg2 24. Rg3 Nxg3
25. hxg3 Rxg3 26. Kf2 Rxd3 27. Kxg2 Kg7 28. Rg4+ Kf6 29. Rf4+ Ke7 30. Rf2 f5
31. Kf1 Rh3 32. Kg2 Rh6 33. Kg3 Kd6 34. Kf4 Rg6 35. Re2 h5 36. c4 Rg4+ 37. Ke3
Re4+ 38. Kd3 Rxe2 39. Kxe2 c5 40. dxc5+ Kxc5 41. b3 a5 42. a3 a4 43. bxa4 Kxc4
44. Kf3 h4 45. Kg2 Kd3 46. Kh3 Ke3 47. Kxh4 Kf3 48. Kg5 e5 49. Kxf5 e4 50. Ke5
e3 51. Kd4 e2 52. Kd3 e1=Q 0-1

[Event "24e tournoi de Noël"]
[Site "Montigny le Bretonneux"]
[Date "2025.12.27"]
[Round "1.12"]
[White "Neveu, Raphael"]
[Black "Orfila, Hugo"]
[Result "1-0"]
[WhiteElo "1785"]
[BlackElo "1413"]
[Annotator "Rivier,Sylvain"]
[PlyCount "73"]
[EventDate "2025.??.??"]
[WhiteTeam "La Dame Noire"]
[BlackTeam "Club d'Echecs de Guyancourt"]

{Gambit dame, défense Tchigorine} 1. d4 d5 2. Nf3 Nc6 3. c4 Nf6 4. Nc3 Bd7 5.
cxd5 Nb4 6. e4 c6 7. a3 Qa5 8. Bd2 Qc7 9. axb4 cxd5 10. e5 Ne4 11. Nxd5 Qc6 12.
Nc3 Nxc3 13. Bxc3 e6 14. Bd3 Be7 15. O-O O-O 16. Rc1 Rac8 17. Re1 b6 18. Bd2
Qd5 19. Qe2 Rxc1 20. Rxc1 Rc8 21. Rxc8+ Bxc8 22. Bc4 Qc6 23. b5 Qa8 24. g4 Bb7
25. Kg2 Bxf3+ 26. Qxf3 Qc8 27. Bd3 f5 28. exf6 Bxf6 29. Qe4 Qf8 30. Qxh7+ Kf7
31. Bg6+ Ke7 32. Bb4+ Kd7 33. Bxf8 Bxd4 34. Qg8 Bxb2 35. Qf7+ Kd8 36. Bd6 Kc8
37. Qc7# 1-0

[Event "24e tournoi de Noël"]
[Site "Montigny le Bretonneux"]
[Date "2025.12.27"]
[Round "1.13"]
[White "Carbonero, Jean Marc"]
[Black "Payot, Guillaume"]
[Result "0-1"]
[WhiteElo "1399"]
[BlackElo "1781"]
[Annotator "Rivier,Sylvain"]
[PlyCount "50"]
[EventDate "2025.??.??"]
[WhiteTeam "La Dame Noire"]
[BlackTeam "CE Le Roi Soleil - Le Chesnay - Versailles"]

{Défense française, variante d'échange} 1. e4 e6 2. d4 d5 3. Bd3 dxe4 4.
Bxe4 Nf6 5. Nc3 Bb4 6. Bd2 Bxc3 7. Bd3 Bxd4 8. c3 Bxf2+ 9. Kxf2 Qxd3 10. Qe2
Ne4+ 11. Ke1 Qxd2+ 12. Qxd2 Nxd2 13. Kxd2 b6 14. Nf3 Bb7 15. Rae1 Bxf3 16. gxf3
Ke7 17. Rhg1 Rd8+ 18. Kc2 Kf6 19. Kb3 Nc6 20. Rd1 Rxd1 21. Rxd1 Rd8 22. Rxd8
Nxd8 23. Kb4 c6 24. c4 Nb7 25. Kc3 Kf5 0-1

[Event "24e tournoi de Noël"]
[Site "Montigny le Bretonneux"]
[Date "2025.12.27"]
[Round "1.14"]
[White "Salagnac, Sowan"]
[Black "Dufrene, Jad"]
[Result "1-0"]
[WhiteElo "1775"]
[BlackElo "1399"]
[Annotator "Rivier,Sylvain"]
[PlyCount "85"]
[EventDate "2025.??.??"]
[WhiteTeam "Saint-Quentin en Yvelines"]
[BlackTeam "La Dame Noire"]

{Défense Caro-Kann, variante principale} 1. e4 c6 2. d4 d5 3. Nc3 dxe4 4. Nxe4
Bf5 5. Ng3 Bg6 6. h4 h5 7. Nf3 e6 8. Bd3 Bxd3 9. Qxd3 Nf6 10. Bg5 Be7 11. O-O-O
Qa5 12. Kb1 Ng4 13. Rd2 f6 14. Qg6+ Kf8 15. Nxh5 Rg8 16. Nf4 Qf5 17. Qxf5 exf5
18. Ng6+ Kf7 19. Nxe7 Kxe7 20. Re1+ Kf7 21. Bf4 Nd7 22. Rde2 Rae8 23. Nd2 b5
24. f3 Rxe2 25. Rxe2 Nh6 26. c3 g5 27. Bd6 Re8 28. Rxe8 Kxe8 29. g3 f4 30. hxg5
fxg5 31. gxf4 Nf5 32. Bc7 gxf4 33. Bxf4 Nf6 34. Ne4 Nd5 35. Nd6+ Nxd6 36. Bxd6
Kd7 37. Be5 Ke6 38. Kc2 a5 39. Kd3 c5 40. Ke4 cxd4 41. cxd4 b4 42. f4 Nxf4 43.
Kxf4 1-0

[Event "24e tournoi de Noël"]
[Site "Montigny le Bretonneux"]
[Date "2025.12.27"]
[Round "1.15"]
[White "Esch, Lars"]
[Black "Corbeau, Lou"]
[Result "1-0"]
[WhiteElo "1399"]
[BlackElo "1750"]
[Annotator "Rivier,Sylvain"]
[PlyCount "93"]
[EventDate "2025.??.??"]
[BlackTeam "C'Chartres Echecs"]

{Défense française, variante d'avance} 1. e4 e6 2. d4 d5 3. e5 c5 4. c3 Nc6
5. Nf3 Bd7 6. Be2 cxd4 7. cxd4 Nge7 8. O-O Qb6 9. g4 h5 10. h3 hxg4 11. hxg4
O-O-O 12. Nc3 f6 13. Na4 Qc7 14. Bf4 Ng6 15. Bg3 fxe5 16. dxe5 Kb8 17. Rc1 Be7
18. Nc5 Rh3 19. b4 Bxc5 20. Rxc5 Qb6 21. a3 Rdh8 22. Ng5 Rh1+ 23. Kg2 Rxf1 24.
Bxf1 Ka8 25. f4 Nb8 26. Qc2 Ne7 27. Bf2 Na6 28. Bxa6 bxa6 29. Rc7 d4 30. Rxd7
Rc8 31. Qe4+ Nd5 32. Qxd4 Qxd4 33. Bxd4 Nxf4+ 34. Kf3 Rf8 35. Rxa7+ Kb8 36. Rf7
Rxf7 37. Nxf7 Nd3 38. Ke3 Nc1 39. Ng5 Kc8 40. Nxe6 g6 41. Nf8 Kd8 42. Nxg6 Kd7
43. Nf8+ Ke7 44. Bc5+ Kf7 45. e6+ Ke8 46. Nd7 Na2 47. Nf6+ 1-0

[Event "24e tournoi de Noël"]
[Site "Montigny le Bretonneux"]
[Date "2025.12.27"]
[Round "1.16"]
[White "Legranger, Thimote"]
[Black "Garabedian, Christophe"]
[Result "1-0"]
[WhiteElo "1748"]
[BlackElo "1399"]
[Annotator "Rivier,Sylvain"]
[PlyCount "45"]
[EventDate "2025.??.??"]
[WhiteTeam "Cergy Pontoise Echecs"]
[BlackTeam "La Dame Noire"]

{Défense moderne} 1. e4 g6 2. d4 d6 3. Nc3 Bg7 4. Nf3 Nd7 5. Be3 a6 6. Bc4 e6
7. O-O b5 8. Bd3 Bb7 9. a3 c5 10. d5 exd5 11. exd5 Ngf6 12. Re1 O-O 13. Bg5 h6
14. Bh4 Qb6 15. Bf1 b4 16. axb4 cxb4 17. Na4 Qc7 18. c4 Ng4 19. Rc1 Rae8 20.
Be7 Be5 21. Nxe5 Ngxe5 22. Bxf8 Kxf8 23. f4 1-0

[Event "24e tournoi de Noël"]
[Site "Montigny le Bretonneux"]
[Date "2025.12.27"]
[Round "1.17"]
[White "U'Ren, Gregory"]
[Black "Imbert, Nicolas"]
[Result "0-1"]
[WhiteElo "1399"]
[BlackElo "1732"]
[Annotator "Rivier,Sylvain"]
[PlyCount "80"]
[EventDate "2025.??.??"]
[WhiteTeam "ECHECS 78"]
[BlackTeam "Saint-Quentin en Yvelines"]

{Défense Philidor} 1. d4 d6 2. e4 Nf6 3. Nc3 Nbd7 4. Nf3 e5 5. Bc4 Be7 6. O-O
O-O 7. d5 Nc5 8. Re1 Bg4 9. b4 Ncd7 10. Be3 Bh5 11. Be2 Bg6 12. Nd2 h6 13. f3
Nh5 14. Nf1 Bg5 15. Bf2 f5 16. Ng3 Nxg3 17. Bxg3 Be3+ 18. Bf2 Bxf2+ 19. Kxf2
fxe4 20. Kg1 exf3 21. Bxf3 a6 22. Ne4 Nf6 23. Ng3 Qd7 24. c4 Rae8 25. Ne4 Nxe4
26. Bxe4 Bxe4 27. Rxe4 Rf6 28. a4 Ref8 29. Qc2 Rf4 30. Rae1 b5 31. a5 R8f6 32.
Qe2 Rxe4 33. Qxe4 Rf4 34. Qg6 Rxc4 35. Re4 Rc1+ 36. Kf2 Qf7+ 37. Qxf7+ Kxf7 38.
Kf3 Kf6 39. g4 Rd1 40. Re2 Rxd5 0-1

[Event "24e tournoi de Noël"]
[Site "Montigny le Bretonneux"]
[Date "2025.12.27"]
[Round "1.18"]
[White "Abdallaoui, Mohamed Mehdi"]
[Black "Un, Prathna"]
[Result "1-0"]
[WhiteElo "1721"]
[BlackElo "1399"]
[Annotator "Rivier,Sylvain"]
[PlyCount "35"]
[EventDate "2025.??.??"]
[WhiteTeam "Club d'Echecs de Guyancourt"]
[BlackTeam "La Dame Noire"]

{Ouverture du pion dame} 1. Nf3 e6 2. d4 Nf6 3. e3 c5 4. Bd3 Be7 5. O-O O-O 6.
Nbd2 d5 7. c3 c4 8. Bc2 b5 9. e4 Bb7 10. e5 Ne4 11. Re1 Nc6 12. Nxe4 dxe4 13.
Bxe4 b4 14. Qc2 Kh8 15. Bxh7 g6 16. Bxg6 fxg6 17. Qxg6 Rg8 18. Qh6# 1-0

[Event "24e tournoi de Noël"]
[Site "Montigny le Bretonneux"]
[Date "2025.12.27"]
[Round "1.19"]
[White "Boussaid, Kais"]
[Black "Goujon, Antoine"]
[Result "0-1"]
[WhiteElo "1299"]
[BlackElo "1709"]
[Annotator "Rivier,Sylvain"]
[PlyCount "54"]
[EventDate "2025.??.??"]
[WhiteTeam "La Dame Noire"]
[BlackTeam "CE Le Roi Soleil - Le Chesnay - Versailles"]

{Défense sicilienne} 1. e4 c5 2. Nf3 g6 3. b3 Bg7 4. Nc3 Nc6 5. Bb2 d6 6. Qe2
Bg4 7. h3 Nd4 8. Qd3 Bxf3 9. gxf3 e6 10. O-O-O Ne7 11. Nb5 Nec6 12. c3 Nxb5 13.
Qxb5 a6 14. Qxb7 Na5 15. Bb5+ axb5 16. Qxb5+ Qd7 17. Qxd7+ Kxd7 18. Rhg1 Nc6
19. d4 cxd4 20. cxd4 Rhc8 21. Kb1 Nb4 22. d5 Bxb2 23. Kxb2 Rxa2+ 24. Kb1 Rc3
25. dxe6+ fxe6 26. f4 Rxb3+ 27. Kc1 Rc2# 0-1

[Event "24e tournoi de Noël"]
[Site "Montigny le Bretonneux"]
[Date "2025.12.27"]
[Round "1.20"]
[White "Fayolle, Guy"]
[Black "Julien Maigne, Marius"]
[Result "1-0"]
[WhiteElo "1708"]
[BlackElo "1299"]
[Annotator "Rivier,Sylvain"]
[PlyCount "26"]
[EventDate "2025.??.??"]
[WhiteTeam "Saint-Quentin en Yvelines"]
[BlackTeam "La Dame Noire"]

{Défense sicilienne, variante Löwenthal} 1. e4 c5 2. Nf3 Nc6 3. d4 b6 4. d5
Nb8 5. c4 Nf6 6. Nc3 g6 7. e5 Ng8 8. h4 d6 9. exd6 exd6 10. Bf4 Bf5 11. Be2 Bg4
12. Qd2 h6 13. Nh2 Qxh4 {suite illisible} 1-0

[Event "24e tournoi de Noël"]
[Site "Montigny le Bretonneux"]
[Date "2025.12.27"]
[Round "1.21"]
[White "Naamane, Adem"]
[Black "Corbillet, Mathieu"]
[Result "0-1"]
[WhiteElo "1299"]
[BlackElo "1679"]
[Annotator "Rivier,Sylvain"]
[PlyCount "48"]
[EventDate "2025.??.??"]
[WhiteTeam "Club d'Echecs de Guyancourt"]
[BlackTeam "La Dame Noire"]

{Gambit dame, défense Tchigorine} 1. d4 d5 2. c4 e6 3. Nc3 Bb4 4. cxd5 exd5 5.
e3 Nc6 6. Nf3 Nf6 7. Bd3 O-O 8. O-O Bg4 9. h3 Bh5 10. Qe2 h6 11. a3 Bd6 12. Bc2
Re8 13. Qd1 Ne7 14. e4 dxe4 15. Nxe4 Ng6 16. Nxf6+ Qxf6 17. g4 Nh4 18. gxh5
Nxf3+ 19. Kg2 Nxd4 20. Qd3 Qe5 21. f4 Qd5+ 22. Kh2 Re2+ 23. Kg3 Qg2+ 24. Kh4
Be7# 0-1

[Event "24e tournoi de Noël"]
[Site "Montigny le Bretonneux"]
[Date "2025.12.27"]
[Round "2.1"]
[White "Strehse, Nelson"]
[Black "Neveu, Raphael"]
[Result "1-0"]
[WhiteElo "2198"]
[BlackElo "1785"]
[Annotator "Rivier,Sylvain"]
[PlyCount "59"]
[EventDate "2025.??.??"]
[BlackTeam "La Dame Noire"]

{Défense est-indienne, variante classique} 1. Nf3 Nf6 2. c4 c6 3. Nc3 g6 4. e4
d6 5. d4 Bg7 6. Be2 O-O 7. O-O Re8 8. Qc2 e5 9. d5 cxd5 10. cxd5 Bg4 11. Be3
Qc7 12. Rfc1 Rc8 13. Qa4 Qe7 14. h3 Bxf3 15. Bxf3 Nbd7 16. Qd1 Nc5 17. b4 Ncd7
18. Qb3 h5 19. Nb5 b6 20. Rxc8+ Rxc8 21. Nxa7 Ra8 22. Nc6 Qf8 23. a4 Nxe4 24.
Bxe4 f5 25. Bc2 f4 26. Bd2 g5 27. Qd3 e4 28. Qxe4 Re8 29. Qh7+ Kf7 30. Qxh5+
1-0

[Event "24e tournoi de Noël"]
[Site "Montigny le Bretonneux"]
[Date "2025.12.27"]
[Round "2.2"]
[White "Payot, Guillaume"]
[Black "Klemenz, Luca"]
[Result "0-1"]
[WhiteElo "1781"]
[BlackElo "2085"]
[Annotator "Rivier,Sylvain"]
[PlyCount "84"]
[EventDate "2025.??.??"]
[WhiteTeam "CE Le Roi Soleil - Le Chesnay - Versailles"]

{Défense Nimzo-indienne} 1. d4 Nf6 2. c4 e6 3. Nc3 Bb4 4. f3 c5 5. d5 b5 6. e4
d6 7. Bg5 h6 8. Bh4 O-O 9. Bd3 bxc4 10. Bxc4 Ba6 11. Bxa6 Nxa6 12. dxe6 fxe6
13. Nge2 Nc7 14. O-O Rb8 15. Qc2 Qc8 16. Rfd1 c4 17. Kh1 Qb7 18. Rab1 d5 19.
Bg3 Rbc8 20. exd5 Ncxd5 21. Qc1 Bc5 22. Nd4 Rfe8 23. Be5 Nd7 24. Bxg7 Kxg7 25.
Nxe6+ Rxe6 26. Nxd5 Bd6 27. Nf4 Bxf4 28. Qxf4 Nf6 29. Rbc1 Qxb2 30. Rxc4 Rxc4
31. Qxc4 Qe2 32. Qc7+ Re7 33. Qg3+ Kf7 34. Rc1 Qxa2 35. h3 Qe6 36. Qh4 Kg7 37.
Qg3+ Kh7 38. Rc7 Nh5 39. Rxe7+ Qxe7 40. Qg4 Qe1+ 41. Kh2 Qg3+ 42. Kg1 Qxg4 0-1

[Event "24e tournoi de Noël"]
[Site "Montigny le Bretonneux"]
[Date "2025.12.27"]
[Round "2.3"]
[White "Langner, Jasper"]
[Black "Salagnac, Sowan"]
[Result "1-0"]
[WhiteElo "2052"]
[BlackElo "1775"]
[Annotator "Rivier,Sylvain"]
[PlyCount "57"]
[EventDate "2025.??.??"]
[BlackTeam "Saint-Quentin en Yvelines"]

{Gambit dame} 1. d4 d5 2. c4 e6 3. Nf3 Nf6 4. Nc3 Be7 5. Bf4 O-O 6. e3 b6 7.
Bd3 Bb7 8. cxd5 exd5 9. O-O c6 10. h3 Nbd7 11. Qb1 Re8 12. h4 Nf8 13. Rc1 Bd6
14. Bxd6 Qxd6 15. a4 Rab8 16. a5 Bc8 17. axb6 axb6 18. Ra7 Re7 19. Rxe7 Qxe7
20. Ne5 Qd6 21. Qa2 N6d7 22. Ne4 dxe4 23. Qxf7+ Kh8 24. Bc4 Ne6 25. Bxe6 Qf8
26. Bxd7 Qxf7 27. Nxf7+ Kg8 28. Bxc8 Rxc8 29. Ne5 1-0

[Event "24e tournoi de Noël"]
[Site "Montigny le Bretonneux"]
[Date "2025.12.27"]
[Round "2.4"]
[White "Imbert, Nicolas"]
[Black "Imbert, Christophe"]
[Result "1-0"]
[WhiteElo "1732"]
[BlackElo "1924"]
[Annotator "Rivier,Sylvain"]
[PlyCount "115"]
[EventDate "2025.??.??"]
[WhiteTeam "Saint-Quentin en Yvelines"]
[BlackTeam "Club d'Echecs du Vesinet"]

{Partie du pion dame} 1. d4 Nf6 2. Nf3 g6 3. Bf4 d5 4. e3 Bg7 5. Be2 c5 6. c3
Nc6 7. Ne5 Nd7 8. Nxd7 Qxd7 9. dxc5 e5 10. Bg3 Qe7 11. Qxd5 O-O 12. Qd6 Be6 13.
Qxe7 Nxe7 14. Nd2 Rac8 15. Nb3 Rfd8 16. Bf3 Bd5 17. Bxd5 Rxd5 18. Rd1 Rxd1+ 19.
Kxd1 Nf5 20. Ke2 Kf8 21. e4 Ne7 22. Rd1 Ke8 23. f3 g5 24. Na5 Rb8 25. Nc4 b6
26. cxb6 axb6 27. Bxe5 Bxe5 28. Nxe5 Ra8 29. a3 Ra7 30. h4 gxh4 31. Rh1 f6 32.
Nc4 Ng6 33. Nxb6 Rb7 34. Nc4 Ke7 35. g3 Ke6 36. gxh4 Ne5 37. Nxe5 Rxb2+ 38. Ke3
fxe5 39. Ra1 Rc2 40. a4 Rxc3+ 41. Kf2 Rc6 42. a5 Ra6 43. Kg3 h5 44. f4 exf4+
45. Kxf4 Kf6 46. e5+ Kg6 47. Ke4 Kg7 48. Kf5 Kf7 49. e6+ Rxe6 50. a6 Re8 51. a7
Ra8 52. Ra6 Kg7 53. Kg5 Kh7 54. Kxh5 Kg7 55. Kg5 Kh7 56. h5 Kg7 57. Kf5 Kh7 58.
Ke5 1-0